000 01012nam0a22002531 4500
001 rc\3472232
005 20130115135828.2
021 _aRU
_b[73-84349]
035 _a(NLR Aleph) 007640766
090 _a6123183
_c6123183
100 _a20130115d1973 |||y0rusy50 ca
101 0 _arus
102 _aRU
105 _ay z |||||
200 1 _aНа страже закона и порядка
_eОбщественность в борьбе с правонарушениями
_eСборник статей
_f[Под общ. ред. засл. юриста РСФСР Я.Н. Бравого]
210 _aПетрозаводск
_cКарелия
_d1973
215 _a104 с.
_d20
606 _aОхрана общественного порядка
_xУчастие общественности
_yКарельская АССР
_2psbo
702 1 _aБравый
_bЯ. Н.
_gЯков Наумович
_4340
801 0 _aRU
_bNLR
_gpsbo
801 1 _aRU
_bELAR
_2rusmarc
852 _aNLR
_j73-3/7953
942 _cBOOK
980 _aNB